देवगढ की सुमति / (Record no. 116507)
[ view plain ]
| 000 -LEADER | |
|---|---|
| fixed length control field | 01180nam a22002657a 4500 |
| 005 - DATE AND TIME OF LATEST TRANSACTION | |
| control field | 20170124103040.0 |
| 010 ## - LIBRARY OF CONGRESS CONTROL NUMBER | |
| LC control number | B-076173 |
| 020 ## - INTERNATIONAL STANDARD BOOK NUMBER | |
| Terms of availability | 150.00 |
| 035 ## - SYSTEM CONTROL NUMBER | |
| System control number | B-076173 |
| 037 ## - SOURCE OF ACQUISITION | |
| Source of stock number/acquisition | Cen Lib/Ret |
| 040 ## - CATALOGING SOURCE | |
| Original cataloging agency | DPL |
| Language of cataloging | HN |
| 082 ## - DEWEY DECIMAL CLASSIFICATION NUMBER | |
| Classification number | उ |
| Item number | घिल्डिया |
| 100 ## - MAIN ENTRY--PERSONAL NAME | |
| Personal name | घिल्डिया, कालीप्रसाद |
| 9 (RLIN) | 43912 |
| 245 ## - TITLE STATEMENT | |
| Title | देवगढ की सुमति / |
| Statement of responsibility, etc | कालीप्रसाद घिल्डिया ''किशोर '' |
| 246 ## - VARYING FORM OF TITLE | |
| Title proper/short title | Devgarh ki sumti |
| Remainder of title | by R Kaaliprasad Ghildiyal ''Kishor '' |
| 260 ## - PUBLICATION, DISTRIBUTION, ETC. (IMPRINT) | |
| Place of publication, distribution, etc | दिल्ली |
| Name of publisher, distributor, etc | साहित्य भारती |
| Date of publication, distribution, etc | 2002 |
| 270 ## - ADDRESS | |
| Address | डी -585/12, गली न. 2, अशोक नगर शाहदरा |
| City | दिल्ली |
| Postal code | 110032 |
| 300 ## - PHYSICAL DESCRIPTION | |
| Extent | 115पृष्ठ. |
| Dimensions | 21सेमी(सजिल्द) |
| 650 ## - SUBJECT ADDED ENTRY--TOPICAL TERM | |
| Topical term or geographic name as entry element | हिंदी साहित्य |
| 9 (RLIN) | 138453 |
| 650 ## - SUBJECT ADDED ENTRY--TOPICAL TERM | |
| Topical term or geographic name as entry element | सामाजिक -हिंदी उपन्यास |
| 9 (RLIN) | 66897 |
| 650 ## - SUBJECT ADDED ENTRY--TOPICAL TERM | |
| Topical term or geographic name as entry element | Hindi literature |
| 9 (RLIN) | 138454 |
| 650 ## - SUBJECT ADDED ENTRY--TOPICAL TERM | |
| Topical term or geographic name as entry element | Social -hindi novel |
| 9 (RLIN) | 66899 |
| 700 ## - ADDED ENTRY--PERSONAL NAME | |
| Personal name | विलिनाथान |
| 9 (RLIN) | 138455 |
| 942 ## - ADDED ENTRY ELEMENTS (KOHA) | |
| Source of classification or shelving scheme | Dewey Decimal Classification |
| Koha item type | Hindi Books |
| Classification part | उ |
| Call number suffix | घिल्डिया |
| Withdrawn status | Lost status | Damaged status | Not for loan | Home library | Current library | Date acquired | Source of acquisition | Cost, normal purchase price | Total Checkouts | Full call number | Barcode | Date last seen | Copy number | Cost, replacement price | Price effective from | Koha item type |
|---|---|---|---|---|---|---|---|---|---|---|---|---|---|---|---|---|
| Withdrawn | Central Library | Central Library | 24/08/2015 | Cen Lib /Ret | 150.00 | उ घिल्डिया | B-076173 | 24/08/2015 | 1 | 150.00 | 24/08/2015 | Hindi Books |
